[Event "1st Panama Open"]
[Site "Panama City PAN"]
[Date "2011.11.04"]
[Round "3.21"]
[White "Pina Vega,S"]
[Black "Hernandez Bermudez,Ulises"]
[Result "1-0"]
[WhiteElo "2315"]
[BlackElo "2066"]

1.e4 d6 2.d4 Nf6 3.Nc3 c6 4.f4 Qa5 5.Bd3 e5 6.Nf3 Nbd7 7.O-O Be7 8.Kh1 O-O
9.Qe1 Re8 10.Bd2 Qc7 11.dxe5 dxe5 12.f5 b5 13.a4 b4 14.Nd1 a5 15.Nf2 Nc5
16.g4 Nxd3 17.cxd3 Nd7 18.g5 Bf8 19.Ng4 Qd6 20.Qh4 Ba6 21.Rg1 Bxd3 22.Rae1 g6
23.Nf6+ Nxf6 24.gxf6 Ra7 25.Rg3 Bxe4 26.Rxe4 Qd3 27.Ng5  1-0

[Event "1st Panama Open"]
[Site "Panama City PAN"]
[Date "2011.11.04"]
[Round "4.11"]
[White "Zapata,Alo"]
[Black "Martinez Romero,M"]
[Result "1/2-1/2"]
[WhiteElo "2483"]
[BlackElo "2343"]

1.e4 d6 2.d4 Nf6 3.Nc3 e5 4.dxe5 dxe5 5.Qxd8+ Kxd8 6.Bg5 Be6 7.Nf3 Bd6 8.O-O-O Kc8
9.Bh4 h6 10.Nd2 Bb4 11.f3 Nbd7 12.Nc4 Bxc3 13.bxc3 Re8 14.Bxf6 Nxf6 15.Nxe5 Bxa2
16.Bc4 Bxc4 17.Nxc4 a5 18.Rd4 b6 19.Rhd1 Kb7 20.e5 Ng8 21.Rd7 Kc6 22.Rxf7 b5
23.Nb2 Rxe5 24.Rxg7 Ne7 25.Nd3 Re2 26.Nf4 Re5 27.Rh7 Nf5 28.Rdd7 Ra7 29.g4 Nd6
30.Rde7 Rxe7 31.Rxe7 b4 32.cxb4 axb4 33.Nd3 Kb5 34.Re5+ Kc4 35.Kb1 Kd4 36.Rh5 Nc4
37.Nxb4 Rb7 38.Rd5+ Ke3 39.c3 Kxf3 40.h3 Ne3 41.Rh5 Nxg4 42.Kc1 Ne3 43.Rxh6 c5
44.Nd3 c4 45.Rf6+ Kg3 46.Nc5 Re7 47.Kd2 Ng2 48.Ne6 Ra7 49.Ng5 Ra2+ 50.Kc1 Kh4
51.Nf3+ Kxh3 52.Re6  1/2-1/2

[Event "FSGM November"]
[Site "Budapest HUN"]
[Date "2011.11.05"]
[Round "1"]
[White "Battey,A"]
[Black "Czebe,A"]
[Result "0-1"]
[WhiteElo "2336"]
[BlackElo "2503"]

1.e4 d6 2.d4 Nf6 3.Nc3 e5 4.dxe5 dxe5 5.Qxd8+ Kxd8 6.Nf3 Bd6 7.Be3 h6 8.O-O-O Ke7
9.Nd2 Be6 10.f3 Nbd7 11.Nc4 Bxc4 12.Bxc4 Bc5 13.Bxc5+ Nxc5 14.Nd5+ Nxd5 15.Rxd5 Nd7
16.Rhd1 Rhd8 17.g3 f6 18.Bf1 Nb6 19.Rxd8 Rxd8 20.Rxd8 Kxd8 21.Kd2 Kd7 22.b3 Kd6
23.Bh3 a5 24.Kc3 c6 25.a3 Na8 26.b4 axb4+ 27.axb4 Nc7 28.Kd3 c5 29.Kc4 b5+
30.Kb3 Na6 31.c3 cxb4 32.cxb4 Nb8 33.Bf1 Kc6 34.Kc3 Kb6 35.Be2 Nc6 36.Bd1 g5
37.Be2 Nd4 38.Bd1 h5 39.f4 g4 40.Kd3 Nc6 41.Kc3 Nd4 42.Kd3 Kc7 43.Be2 Kd6
44.f5 Ke7 45.Bd1 Kf8 46.Be2 Kg7 47.Bd1 Kh6 48.Be2 Kg5 49.Ke3 h4 50.Kf2 Nc2
51.Bxb5 Nxb4 52.Be2 Nc2 53.Bd1 Nd4 54.Be2 Nb3 55.Bd1 Nd2 56.Bc2 Nf3 57.h3 Nd4
58.Bd3 gxh3 59.Bf1 Kg4 60.gxh4 Kxh4 61.Bc4 Kg4 62.Bf1 Kf4 63.Bd3 Nf3  0-1

[Event "FSIM November"]
[Site "Budapest HUN"]
[Date "2011.11.05"]
[Round "1"]
[White "Meurs,T"]
[Black "Keschitz,G"]
[Result "0-1"]
[WhiteElo "2247"]
[BlackElo "2315"]

1.e4 d6 2.d4 Nf6 3.Nc3 e5 4.dxe5 dxe5 5.Qxd8+ Kxd8 6.Bg5 Be6 7.O-O-O+ Nd7
8.Nd5 Kc8 9.f3 Nxd5 10.exd5 Bf5 11.Ne2 f6 12.Bd2 a6 13.g4 Bg6 14.Ng3 b5 15.f4 Bd6
16.f5 Bf7 17.Bg2 Nb6 18.Be3 Rd8 19.Rd3 Rb8 20.Rhd1 Be7 21.Bf2 Rd7 22.Kb1 Kd8
23.c3 Ke8 24.Bxb6 Rxb6 25.b4 a5 26.a3 Rd8 27.Ne4 Ra6 28.R1d2 Bd6 29.Nc5 Ra7
30.Ne6 Rda8 31.Kb2 axb4 32.cxb4 Bxb4 33.d6 Bxe6 34.Bxa8 Bxd2 35.fxe6 Rxa8
36.Rxd2 cxd6 37.Rxd6 Ke7 38.Rb6 Rd8 39.Kc3 Rd5 40.Rb7+ Kxe6 41.Rxg7 e4  0-1

[Event "TCh-BEL 2011-12"]
[Site "Belgium BEL"]
[Date "2011.11.06"]
[Round "3.5"]
[White "Vedder,R"]
[Black "Vandenbussche,T"]
[Result "0-1"]
[WhiteElo "2260"]
[BlackElo "2362"]

1.e4 d6 2.d4 Nf6 3.Nc3 Nbd7 4.Nf3 e5 5.Bc4 Be7 6.O-O O-O 7.Re1 c6 8.a4 a5
9.b3 Nb6 10.Bd3 Bg4 11.dxe5 dxe5 12.h3 Bh5 13.g4 Bb4 14.Bb2 Nxg4 15.hxg4 Bxg4
16.Be2 Qe7 17.Nh2 Rad8 18.Qc1 f5 19.exf5 Bxf5 20.Rd1 Rd4 21.Na2 Rxd1+ 22.Qxd1 Bc5
23.Bf3 e4 24.Bg4 Bxf2+ 25.Kh1 e3 26.Bxf5 e2 27.Qd3 e1=Q+ 28.Rxe1 Qxe1+ 29.Kg2 Qg1+
30.Kh3 Rxf5  0-1

[Event "TCh-BEL 2011-12"]
[Site "Eupen BEL"]
[Date "2011.11.06"]
[Round "3.7"]
[White "Klein,Fe"]
[Black "Verduyn,F"]
[Result "1-0"]
[WhiteElo "2246"]
[BlackElo "2177"]

1.e4 d6 2.d4 Nf6 3.Nc3 c6 4.a4 Nbd7 5.Nf3 e5 6.Bc4 Be7 7.O-O O-O 8.Re1 b6
9.Bg5 a6 10.d5 c5 11.Bf1 Ne8 12.Bxe7 Qxe7 13.Nd2 g6 14.Nc4 Rb8 15.Rb1 a5
16.Nb5 Rb7 17.c3 Nb8 18.b4 axb4 19.cxb4 cxb4 20.Rxb4 Qd8 21.Qb1 f5 22.Nc3 fxe4
23.Rxb6 e3 24.Rxe3 Rff7 25.a5 Qh4 26.Ne4 Rxb6 27.axb6 Bf5 28.Qe1 Qe7 29.Na5 Bxe4
30.Rxe4 Nf6 31.Rc4 Qd8 32.Nc6 Nxc6 33.Rxc6 Rb7 34.Qb4 Ne8 35.Ba6 Qa8 36.Qb5 Rf7
37.Rc8  1-0

[Event "18th European Teams w"]
[Site "Porto Carras GRE"]
[Date "2011.11.06"]
[Round "4.3.3"]
[White "Szczepkowska Horowska,K"]
[Black "Voiska,M"]
[Result "1-0"]
[WhiteElo "2379"]
[BlackElo "2328"]

1.e4 d6 2.d4 Nf6 3.Nc3 e5 4.Nf3 Nbd7 5.Bc4 Be7 6.O-O O-O 7.a4 c6 8.Re1 b6
9.Ba2 a6 10.h3 Rb8 11.Bg5 b5 12.axb5 axb5 13.Qe2 b4 14.Nd1 h6 15.Bd2 c5 16.dxe5 dxe5
17.Nh4 Kh7 18.Nf5 Bb7 19.Ng3 Nb6 20.f3 Ne8 21.Nf5 Nc7 22.Be3 Ba6 23.Qf2 Nd7
24.Qg3 Bf6 25.Nf2 Ne6 26.Bxe6 fxe6 27.Rxa6 exf5 28.exf5 Bh4 29.Qg6+ Kh8 30.Bxh6 Bxf2+
31.Kf1 Qe7 32.Bg5 Qf7 33.Qxf7 Rxf7 34.Kxf2 Rxf5 35.h4 b3 36.c3 Nb6 37.Re4 Nd5
38.Rc4 Nf4 39.Rd6 Rb5 40.Ra4 Rf7 41.g3 Nh3+ 42.Kg2 Nxg5 43.hxg5 Rb8 44.Rd1 Rb6
45.Ra8+ Kh7 46.Rc8 e4 47.f4 e3 48.Re8 Ra6 49.Rxe3 Ra2 50.Re2 Kg6 51.Rd6+  1-0

[Event "18th European Teams w"]
[Site "Porto Carras GRE"]
[Date "2011.11.06"]
[Round "4.10.3"]
[White "Stojanovic,MarijaR"]
[Black "Borsuk,A"]
[Result "0-1"]
[WhiteElo "2095"]
[BlackElo "2257"]

1.e4 d6 2.d4 Nf6 3.Nc3 e5 4.Nf3 Nbd7 5.Bc4 Be7 6.O-O O-O 7.Re1 c6 8.a4 b6
9.b3 Qc7 10.d5 cxd5 11.Nxd5 Nxd5 12.Bxd5 Rb8 13.Ba3 a6 14.Ra2 b5 15.axb5 axb5
16.Bb4 Nf6 17.Re3 Nxd5 18.Qxd5 Bb7 19.Qd2 f5 20.Rc3 Qd8 21.Ra7 Qb6 22.Ra2 fxe4
23.Nxe5 Bg5 24.Qe2 Qd4 25.Nd7 Ra8 26.Ba5 Rxa5 27.Rxa5 Qxc3 28.Ra7 Rxf2 29.Kxf2 Qd4+
30.Kf1 Qxa7 31.Qg4 Bd5 32.h4 Bxh4 33.Qf5 Qa1+  0-1

[Event "18th European Teams w"]
[Site "Porto Carras GRE"]
[Date "2011.11.07"]
[Round "5.5.4"]
[White "Eric,J"]
[Black "Gara,A"]
[Result "1/2-1/2"]
[WhiteElo "2236"]
[BlackElo "2340"]

1.e4 d6 2.d4 Nf6 3.Nc3 e5 4.Nf3 Nbd7 5.Bc4 Be7 6.O-O O-O 7.Re1 c6 8.a4 a5
9.b3 Nb6 10.Bf1 exd4 11.Nxd4 d5 12.e5 Ne8 13.Bb2 Nc7 14.Bd3 g6 15.h3 Ne6
16.Nxe6 Bxe6 17.Ne2 Nd7 18.Nd4 Bc5 19.Qe2 Qe7 20.Rad1 Rfe8 21.c3 Bb6 22.Bc1 Bc7
23.f4 c5 24.Ba3 Qh4 25.Nxe6 Rxe6 26.Qf3 Rd8 27.Bb5 b6 28.Rf1 Nf8 29.Rxd5 Rxd5
30.Qxd5 g5 31.fxg5 Qxg5 32.Be8 Qe3+ 33.Kh1 Qe2 34.Bxf7+ Kg7 35.Qf3 Qxe5 36.g3 Rf6
37.Qxf6+ Qxf6 38.Rxf6 Kxf6 39.Bd5 Bxg3 40.Bb2 Ng6 41.Bg8 h5 42.c4+ Be5 43.Bc1 Nh4
44.Bd5 Nf5 45.Bf3 h4 46.Bd1 Bc3 47.Kg2 Ke5 48.Kf3 Be1 49.Bb2+ Nd4+ 50.Ke3 Bg3
51.Kd3 Bf2 52.Bxd4+ cxd4 53.Bg4 Kd6 54.Bf3 Kc5 55.Be4 Kb4 56.Kc2 Kc5  1/2-1/2

[Event "18th European Teams w"]
[Site "Porto Carras GRE"]
[Date "2011.11.07"]
[Round "5.9.3"]
[White "Erneste,I"]
[Black "Borsuk,A"]
[Result "0-1"]
[WhiteElo "2218"]
[BlackElo "2257"]

1.e4 d6 2.d4 Nf6 3.Nc3 e5 4.dxe5 dxe5 5.Qxd8+ Kxd8 6.Nf3 Bd6 7.Bc4 Be6 8.Bxe6 fxe6
9.a3 Nc6 10.Be3 h6 11.Rd1 Ke7 12.h3 g5 13.Ke2 a6 14.Rd3 b5 15.Rhd1 Rhb8 16.h4 g4
17.Ne1 Rh8 18.Ra1 Rab8 19.Rdd1 a5 20.f3 gxf3+ 21.gxf3 Nh5 22.Kf2 Nd4 23.Ne2 c5
24.c3 Nb3 25.Rab1 c4 26.Nc1 Nc5 27.Nc2 Rbf8 28.Rg1 Nxe4+ 29.Ke1 Rxf3 30.Rg4 Nhg3  0-1

[Event "Zakopane Open"]
[Site "Zakopane POL"]
[Date "2011.11.07"]
[Round "2"]
[White "Zochowski,K"]
[Black "Malaniuk,V"]
[Result "0-1"]
[WhiteElo "2048"]
[BlackElo "2504"]

1.e4 d6 2.d4 Nf6 3.Nc3 Nbd7 4.Be3 e5 5.f3 c6 6.Bc4 d5 7.exd5 Nb6 8.Qe2 Bb4
9.dxc6 O-O 10.dxe5 Nfd5 11.Bxb6 Nxb6 12.Bd3 Nd5 13.Qd2 bxc6 14.Nge2 Qb6 15.a3 Bxc3
16.bxc3 Re8 17.Qg5 Ba6 18.c4 Ne3 19.c5 Qxc5 20.Bxa6 Rxe5 21.Qg3 Nxc2+ 22.Kd2 Rd8+
23.Bd3 Qe3+ 24.Kxc2 Qxd3+ 25.Kb2 Rxe2+ 26.Kc1 Qc2+  0-1

[Event "18th European Teams w"]
[Site "Porto Carras GRE"]
[Date "2011.11.08"]
[Round "6.5.1"]
[White "Bojkovic,N"]
[Black "Peng Zhaoqin"]
[Result "1/2-1/2"]
[WhiteElo "2396"]
[BlackElo "2379"]

1.e4 d6 2.d4 Nf6 3.Nc3 e5 4.Nf3 Nbd7 5.Bc4 Be7 6.O-O O-O 7.Re1 c6 8.a4 a5
9.h3 Nb6 10.Bf1 exd4 11.Nxd4 d5 12.e5 Ne8 13.Bf4 Nc7 14.Bg3 Bb4 15.Qf3 g6
16.Red1 Ne6 17.Nce2 Nc4 18.c3 Ng5 19.Qf4 Be7 20.b3 Nb6 21.Qe3 Bd7 22.Nf4 Re8
23.h4 Ne6 24.Ndxe6 Bxe6 25.Nxe6 fxe6 26.h5 Kg7 27.Bf4 g5 28.Bg3 Nd7 29.c4 Nc5
30.cxd5 cxd5 31.Rac1 b6 32.f3 Rf8 33.Bf2 Qe8 34.g4 Rf4 35.Kg2 Qf7 36.Rc3 Rf8
37.Bg3 Rb4 38.Be2 Kh8 39.Rd4 Rd8 40.Bf2 Rf8 41.Bg3 Rd8 42.Bf1 Rf8  1/2-1/2

[Event "18th European Teams w"]
[Site "Porto Carras GRE"]
[Date "2011.11.10"]
[Round "8.9.3"]
[White "Fakhiridou,E"]
[Black "Borsuk,A"]
[Result "1/2-1/2"]
[WhiteElo "2180"]
[BlackElo "2257"]

1.e4 d6 2.d4 Nf6 3.Nc3 e5 4.Nge2 Be7 5.g3 c6 6.a4 O-O 7.Bg2 Nbd7 8.O-O b6
9.h3 a6 10.Be3 Rb8 11.g4 b5 12.Ng3 b4 13.Nce2 d5 14.dxe5 Nxe5 15.Nd4 Qc7
16.Ndf5 dxe4 17.Nxe7+ Qxe7 18.Bg5 h6 19.Bxf6 Qxf6 20.Nxe4 Qf4 21.Qc1 Nf3+
22.Bxf3 Qxf3 23.Ng3 Be6 24.Qd1 Bd5 25.Qxf3 Bxf3 26.Rfe1 Rfe8 27.Nf5 Kf8 28.Kh2 c5
29.Kg3 Bc6 30.Ne3 Rbd8 31.b3 Rd2 32.Rad1 Red8 33.Rxd2 Rxd2 34.Rc1 Be4 35.c3 bxc3
36.Rxc3 Rd3 37.Rxc5 Rxb3 38.a5 Bb7 39.Rc7 g6 40.h4 Kg7 41.g5 h5 42.Rc5 Ra3
43.Kf4 Ra2 44.Kg3 Ra3 45.Kf4 Ra2  1/2-1/2

[Event "18th European Teams w"]
[Site "Porto Carras GRE"]
[Date "2011.11.10"]
[Round "8.6.1"]
[White "Muzychuk,A"]
[Black "Foisor,C"]
[Result "1-0"]
[WhiteElo "2557"]
[BlackElo "2418"]

1.e4 d6 2.d4 Nf6 3.Nc3 e5 4.Nf3 Nbd7 5.Bc4 Be7 6.O-O O-O 7.Re1 c6 8.a4 b6
9.h3 a6 10.Bg5 Rb8 11.b4 b5 12.axb5 axb5 13.Bb3 Qc7 14.Qd3 exd4 15.Nxd4 Ne5
16.Qg3 Re8 17.Rad1 Nh5 18.Qe3 Bxg5 19.Qxg5 Nf6 20.f4 Nc4 21.Bxc4 bxc4 22.e5 dxe5
23.fxe5 h6 24.Qh4 Nh7 25.b5 Bd7 26.bxc6 Bxc6 27.Nf5 Ba8 28.Qg3 Qb6+ 29.Rd4 Ng5
30.h4 g6 31.hxg5 gxf5 32.gxh6+ Qg6 33.Qxg6+ fxg6 34.Rd7 Re6 35.Red1 g5 36.R1d6 Rxd6
37.exd6 Bc6 38.Re7 Rb6 39.h7+ Kh8 40.d7 Bxd7 41.Rxd7 f4 42.Ne4 g4 43.Ng5 Rb8
44.Kf2  1-0

[Event "18th European Teams w"]
[Site "Porto Carras GRE"]
[Date "2011.11.10"]
[Round "8.10.1"]
[White "Sedina,E"]
[Black "Peng Zhaoqin"]
[Result "1-0"]
[WhiteElo "2343"]
[BlackElo "2379"]

1.e4 d6 2.d4 Nf6 3.Nc3 e5 4.Nge2 Be7 5.f3 Nbd7 6.Be3 c6 7.g4 b5 8.a3 O-O
9.Qd2 Bb7 10.Ng3 exd4 11.Bxd4 Ne5 12.Be2 a6 13.g5 Nfd7 14.f4 c5 15.Be3 Nc4
16.Bxc4 bxc4 17.Nf5 Re8 18.O-O-O g6 19.Nxd6 Bxd6 20.Qxd6 Bxe4 21.Nxe4 Rxe4
22.Bxc5 Qf8 23.Qxf8+ Nxf8 24.Rd4 Rxd4 25.Bxd4 Rc8 26.Rd1 h6 27.h4 f5 28.Be5 hxg5
29.hxg5 Rc6 30.Rd8 Kf7 31.Bd6 Ne6 32.Rd7+ Kg8 33.Kd2 Nd4 34.Be5 Nf3+ 35.Kc3 Kf8
36.Rd6  1-0

[Event "18th European Teams w"]
[Site "Porto Carras GRE"]
[Date "2011.11.11"]
[Round "9.6.3"]
[White "Havlikova,K"]
[Black "Voiska,M"]
[Result "0-1"]
[WhiteElo "2285"]
[BlackElo "2328"]

1.e4 d6 2.d4 Nf6 3.Nc3 e5 4.Nf3 Nbd7 5.Bc4 Be7 6.O-O O-O 7.Re1 a6 8.a4 b6
9.b3 Bb7 10.h3 c6 11.d5 c5 12.Bf1 Kh8 13.Nd2 Ne8 14.Rb1 Bg5 15.Ba3 g6 16.Nc4 f5
17.b4 Qc7 18.bxc5 bxc5 19.a5 Ndf6 20.Nb6 Rd8 21.Bd3 fxe4 22.Nxe4 Nxe4 23.Bxe4 Qf7
24.Rf1 Nf6 25.Qd3 Nxe4 26.Qxe4 Bd2 27.Qd3 Bxa5 28.Nc4 Bb4 29.Bxb4 cxb4 30.Rxb4 Bxd5
31.Ne3 Bb7 32.Qb3 Qxb3 33.Rxb3 Be4 34.c4 Rb8 35.Rxb8 Rxb8 36.f3 Bd3 37.Ra1 Rb1+
38.Rxb1 Bxb1 39.Kf2 Kg7 40.Ke2 g5 41.g3 a5 42.Kd2 Kf6 43.Kc3 Bg6 44.Kb3 Be8
45.Nd5+ Kf7 46.Nc3 Ke6 47.Ne4 h6 48.Kc3 Bc6 49.Kb2 Bxe4 50.fxe4 Kd7 51.Kb3 Kc6
52.Ka4 Kc5  0-1

[Event "5th Mediterranean Open"]
[Site "Rijeka CRO"]
[Date "2011.11.12"]
[Round "1.11"]
[White "Molnar,Ivan Dorian"]
[Black "Tratar,M"]
[Result "0-1"]
[WhiteElo "1822"]
[BlackElo "2495"]

1.e4 d6 2.d4 Nf6 3.Nc3 e5 4.dxe5 dxe5 5.Qxd8+ Kxd8 6.Bg5 c6 7.O-O-O+ Ke8
8.Nf3 Nbd7 9.Bxf6 gxf6 10.Bc4 b5 11.Bd3 Nc5 12.h3 Be6 13.Kb1 Rg8 14.g4 h5
15.g5 Be7 16.gxf6 Bxf6 17.Rhg1 Ke7 18.Rxg8 Rxg8 19.Rg1 Rd8 20.Ne1 b4 21.Ne2 Bxh3
22.Rh1 Be6 23.Rxh5 Bg4  0-1

[Event "5th Mediterranean Open"]
[Site "Rijeka CRO"]
[Date "2011.11.12"]
[Round "1.13"]
[White "Beljan,M"]
[Black "Lazic,Mir"]
[Result "0-1"]
[WhiteElo "1799"]
[BlackElo "2459"]

1.e4 d6 2.d4 Nf6 3.Nc3 e5 4.dxe5 dxe5 5.Qxd8+ Kxd8 6.a3 Bc5 7.Bg5 c6 8.Nf3 Nd7
9.Bc4 Ke8 10.O-O h6 11.Bh4 Nh5 12.Rad1 f6 13.Rd2 g5 14.Bg3 Nb6 15.Be2 Nxg3
16.hxg3 Be6 17.Rfd1 a5 18.Nh2 h5 19.g4 h4 20.Kf1 Ke7 21.Ke1 Bd4 22.Kf1 Rhd8
23.Ke1 Rd7 24.Nf1 Rh8 25.Nh2 h3 26.g3 Rhd8 27.Kf1 Bxc3 28.Rxd7+ Rxd7 29.Rxd7+ Kxd7
30.bxc3 Na4 31.c4 Kd6 32.Nf3 Bxg4 33.Nh2 Bxe2+ 34.Kxe2 Nb2 35.Kf3 Nxc4 36.Kg4 Nxa3
37.Kxh3 Nxc2 38.Ng4 Ke6  0-1

[Event "4NCL 2011-12"]
[Site "Staverton Park ENG"]
[Date "2011.11.12"]
[Round "1.14.6"]
[White "Ledger,D"]
[Black "Curtis,J ENG"]
[Result "1-0"]
[WhiteElo "2228"]
[BlackElo "2116"]

1.e4 d6 2.d4 Nf6 3.Nc3 e5 4.Nf3 Nbd7 5.Bc4 Be7 6.O-O O-O 7.h3 c6 8.a4 Nxe4
9.Nxe4 d5 10.Ng3 dxc4 11.dxe5 Nc5 12.Qe2 Be6 13.Rd1 Qc7 14.Nd4 Rfd8 15.f4 Bd5
16.Ndf5 Bf8 17.Be3 g6 18.Nd4 Rab8 19.Qf2 Ne4 20.Nxe4 Bxe4 21.Qe2 Bd5 22.Bf2 Re8
23.Nb5 Qd7 24.Nc3 Qf5 25.Bxa7 Rbd8 26.Qf2 g5 27.Bb6 Rd7 28.Be3 gxf4 29.Bxf4 Bg7
30.Re1 Re6 31.Re3 Kh8 32.a5 Bxe5 33.Bxe5+ Rxe5 34.Rxe5 Qxe5 35.Re1 Qf6 36.Qxf6+  1-0

[Event "TCh-CZE Liga 1 Zapad"]
[Site "Czech Rep CZE"]
[Date "2011.11.13"]
[Round "3.4"]
[White "Priborsky,J"]
[Black "Spacek,P"]
[Result "1/2-1/2"]
[WhiteElo "2351"]
[BlackElo "2398"]

1.e4 d6 2.d4 Nf6 3.Nc3 e5 4.Nf3 Nbd7 5.Bc4 Be7 6.O-O O-O 7.Re1 c6 8.a4 a5
9.b3 Qc7 10.Bb2 Nb6 11.Be2 Re8 12.Qd2 Bg4  1/2-1/2

[Event "TCh-CZE Liga1 Vychod"]
[Site "Czech Rep CZE"]
[Date "2011.11.13"]
[Round "3"]
[White "Andreev,Ed UKR"]
[Black "Jurcik,Mart"]
[Result "1/2-1/2"]
[WhiteElo "2478"]
[BlackElo "2355"]

1.e4 d6 2.d4 Nf6 3.Nc3 e5 4.Nf3 Nbd7 5.Bc4 Be7 6.O-O O-O 7.a4 a5 8.Ba2 c6
9.h3 h6 10.Be3 Nh7 11.Nd2 exd4 12.Bxd4 Nc5 13.f4 Be6 14.Bxc5 Bxa2 15.Ba3 Be6
16.f5 Bd7 17.Nf3 d5 18.exd5 Bxa3 19.Rxa3 Bxf5 20.Rb3 cxd5 21.Rxb7 Bc8 22.Rb3 Ba6
23.Nb5 Rc8 24.Nfd4 Rc4 25.Ra3 Nf6 26.b3 Rc8 27.Ra1 Qb6 28.Kh1 Ne4 29.Nf5  1/2-1/2

[Event "23rd Leuven Open"]
[Site "Leuven BEL"]
[Date "2011.11.13"]
[Round "6.6"]
[White "Colijn,S"]
[Black "Docx,S"]
[Result "1-0"]
[WhiteElo "2202"]
[BlackElo "2352"]

1.e4 d6 2.d4 Nf6 3.Nc3 e5 4.Nf3 Nbd7 5.g3 Be7 6.Bg2 O-O 7.O-O c6 8.a4 b6
9.h3 a6 10.Be3 Re8 11.Nh4 Bf8 12.Nf5 Bb7 13.dxe5 Nxe5 14.b3 b5 15.g4 b4 16.Ne2 c5
17.Neg3 Ng6 18.f3 Qc7 19.g5 Nd7 20.f4 c4 21.Bd4 Nc5 22.Bxg7 Bxg7 23.Nxg7 Kxg7
24.Qd4+ Kf8 25.Nf5 Ne6 26.Qxd6+ Qxd6 27.Nxd6 Nexf4 28.Nxb7 cxb3 29.cxb3 Re5
30.h4 Ke7 31.h5 Nxh5 32.Rf5 Ng7 33.Rxe5+ Nxe5 34.Rd1 Ne6 35.Rd5 f6 36.gxf6+ Kxf6
37.Rd6 Ke7 38.Bh3 Nf4 39.Bf5 Rb8 40.Rb6 a5 41.Kf2 Nfd3+ 42.Ke3 Nc5 43.Rb5 Ned7
44.Bxd7 Nxd7 45.Nxa5 Rxb5 46.axb5 h5 47.Nc6+ Kd6 48.Nxb4 Kc5 49.Nd3+ Kxb5
50.Kf4 h4 51.Kf3 h3 52.Kg3 Nc5 53.Nxc5 Kxc5 54.b4+ Kxb4 55.Kxh3 Kc5 56.Kg4  1-0

[Event "2nd Brno Open"]
[Site "Brno CZE"]
[Date "2011.11.14"]
[Round "3"]
[White "Minas,I"]
[Black "Potapova,Tatiana"]
[Result "1-0"]
[WhiteElo "1945"]
[BlackElo "1635"]

1.d4 Nf6 2.Nc3 d6 3.e4 c6 4.f4 Qc7 5.e5 Nd5 6.Ne4 dxe5 7.fxe5 Bf5 8.Ng3 Bg6
9.a3 b5 10.Nf3 h6 11.e6 Nf6 12.Ne5 Qd6 13.exf7+ Bxf7 14.Bd3 Rg8 15.Nxf7 Kxf7
16.Ne4 Qe6 17.O-O Nd7 18.Qe2 g6 19.a4 Ke8 20.Nxf6+  1-0

[Event "US Chess League 2011 Playoff"]
[Site "ICC INT"]
[Date "2011.11.14"]
[Round "3"]
[White "Fernandez,Joh"]
[Black "Menon,Gopal S"]
[Result "0-1"]
[WhiteElo "2156"]
[BlackElo "2198"]

1.e4 d6 2.d4 Nf6 3.Nc3 Nbd7 4.Nf3 e5 5.Bc4 Be7 6.O-O O-O 7.Qe2 exd4 8.Nxd4 Ne5
9.f3 Nxc4 10.Qxc4 Re8 11.Rd1 h6 12.Bf4 c6 13.b4 a6 14.a4 Bf8 15.Rab1 d5 16.exd5 cxd5
17.Qb3 Be6 18.Be5 Nd7 19.Nxe6 fxe6 20.Bd4 Nb6 21.f4 Rc8 22.a5 Nc4 23.Rd3 Kh8
24.Re1 Qd6 25.Rg3 Qxf4 26.Ne2 Qc7 27.Qf3 e5 28.Ba1 Bxb4 29.Rd1 Bxa5 30.Rxd5 Qb6+
31.Qf2 Qb1+ 32.Qf1 Bb6+ 33.Bd4 Bxd4+ 34.Nxd4 Qxf1+ 35.Kxf1 exd4 36.Rxd4 Ne3+
37.Kg1 Nf5  0-1

[Event "2nd Brno Open"]
[Site "Brno CZE"]
[Date "2011.11.15"]
[Round "5"]
[White "Khamidov,K"]
[Black "Benes,Pe2"]
[Result "0-1"]
[WhiteElo "2056"]
[BlackElo "2157"]

1.e4 d6 2.d4 Nf6 3.Nc3 c6 4.f4 Qa5 5.Bd3 e5 6.Nf3 Bg4 7.dxe5 dxe5 8.O-O Nbd7
9.Kh1 Be7 10.h3 h5 11.a3 Qc7 12.b4 exf4 13.Ne2 Bxf3 14.Rxf3 g5 15.Nd4 Ne5
16.Rf1 O-O-O 17.Nf5 Nxe4 18.Qe1 Ng3+ 19.Nxg3 Nxd3 20.cxd3 fxg3 21.Rxf7 Rhf8
22.Rh7 Qe5 23.Be3 Bf6 24.d4 Qe4 25.Rxh5 Rde8 26.Qxg3 Qxe3 27.Qg4+ Qe6 28.Qg3 Bxd4
29.Rc1 Qe2 30.Qd6 Rf1+  0-1

[Event "5th Mediterranean Open"]
[Site "Rijeka CRO"]
[Date "2011.11.15"]
[Round "5.9"]
[White "Zufic,M"]
[Black "Muskardin,M"]
[Result "1/2-1/2"]
[WhiteElo "2409"]
[BlackElo "2186"]

1.e4 d6 2.d4 Nf6 3.Nc3 e5 4.Nf3 Nbd7 5.g3 Be7 6.Bg2 O-O 7.O-O c6 8.a4 Re8
9.h3 g6 10.Re1 b6 11.b3 Qc7 12.Bb2 Bb7 13.Qd2 a6 14.Rad1 Bf8 15.Ba3 exd4
16.Qxd4 c5 17.Qd3 Ne5 18.Nxe5 dxe5 19.Qf3 Bg7 20.Bf1 Rad8 21.Rxd8 Rxd8 22.Bc1 Ne8
23.Bc4 Nd6 24.Bg5 Rd7 25.Nd5 Bxd5 26.Bxd5 h6 27.Be3 Ne8 28.h4 Nf6 29.Bc4 Qb7
30.Bxh6 b5 31.Bxg7 Kxg7 32.axb5 axb5 33.Bd3 c4 34.bxc4 bxc4 35.Bf1 Rd4 36.c3 Rxe4
37.Rd1 Qc6 38.Bg2 Qe6 39.Ra1 Qd7 40.Rd1 Qe6 41.Ra1 Qd7 42.Kf1 Qd2 43.Qd1 Qb2
44.Bxe4 Nxe4 45.Qe1 Nd2+ 46.Kg2 Qxc3 47.Ra2 Qf3+ 48.Kg1 c3 49.Rxd2  1/2-1/2

[Event "5th Mediterranean Open"]
[Site "Rijeka CRO"]
[Date "2011.11.15"]
[Round "5.14"]
[White "Berke,A"]
[Black "Lazic,Mir"]
[Result "0-1"]
[WhiteElo "2190"]
[BlackElo "2459"]

1.e4 d6 2.d4 Nf6 3.Nc3 e5 4.Nf3 Nbd7 5.Bc4 Be7 6.O-O O-O 7.Re1 c6 8.a4 a5
9.h3 exd4 10.Qxd4 Nc5 11.Bf4 Ne8 12.Rad1 Ne6 13.Bxe6 fxe6 14.Qe3 Qc7 15.e5 d5
16.Ne2 c5 17.Ng5 h6 18.Nf3 Qc6 19.Rd3 Qxa4 20.g4 g5 21.Bg3 Qe4 22.Qc1 Qg6
23.Nh2 Bd7 24.f4 Bc6 25.Rf1 d4 26.Qe1 Ng7 27.h4 Qe4 28.Rdf3 gxf4 29.Bxf4 Rxf4
30.Nxf4 Qxe1 31.Rxe1 Bxh4 32.Rd1 Bxf3 33.Nxf3 Rf8  0-1

[Event "15th Zenica Int"]
[Site "Zenica BIH"]
[Date "2011.11.15"]
[Round "4.1"]
[White "Radlovacki,J"]
[Black "Novoselski,Z"]
[Result "0-1"]
[WhiteElo "2429"]
[BlackElo "2376"]

1.e4 d6 2.d4 Nf6 3.Nc3 e5 4.Nf3 Nbd7 5.Bc4 Be7 6.O-O O-O 7.a4 c6 8.b3 h6
9.Re1 Nh7 10.Ba3 Re8 11.Ne2 Nb6 12.Bd3 Bg4 13.dxe5 dxe5 14.Bxe7 Qxe7 15.Nd2 Rad8
16.Qc1 h5 17.Nf1 h4 18.h3 Bc8 19.Qe3 Nd7 20.Qxa7 Nc5 21.Rad1 Ng5 22.Nh2 Ngxe4
23.Bxe4 Rxd1 24.Rxd1 Nxe4 25.Qe3 Bf5 26.Nf3 Bg6 27.Nc1 Nf6 28.c4 Nh5 29.Re1 e4
30.Nd4 f5 31.Nde2 Qf6 32.Nf4 Nxf4 33.Qxf4 Bh5 34.Qc7 Qg5 35.Ne2 Qd2 36.Kf1 Bf3
37.Nf4 Bd1 38.Re3 Bxb3 39.g3 Bxc4+ 40.Kg2 Qd1 41.gxh4 Qf1+ 42.Kh2 Qxf2+ 43.Ng2 Bf7
44.Rg3 Qb2 45.Qf4 Qe5 46.Qe3 b5 47.axb5 cxb5 48.Nf4 b4  0-1

[Event "Max Euwe Mem Gp2"]
[Site "Amsterdam NED"]
[Date "2011.11.16"]
[Round "3"]
[White "Van Kampen,R"]
[Black "Arakhamia-Grant,K"]
[Result "1-0"]
[WhiteElo "2558"]
[BlackElo "2443"]

1.e4 d6 2.d4 Nf6 3.Nc3 e5 4.Nf3 Nbd7 5.Bc4 Be7 6.O-O O-O 7.a4 a6 8.Re1 b6
9.Ne2 Bb7 10.Ng3 exd4 11.Nxd4 Re8 12.c3 Bf8 13.Bg5 h6 14.Bxf6 Nxf6 15.Qf3 Re5
16.Qf4 Rg5 17.Ndf5 d5 18.Rad1 Rg4 19.Qc1 Qc8 20.Bxd5 Nxd5 21.exd5 Qd7 22.b3 b5
23.axb5 axb5 24.Qe3 Rg5 25.Qd3 Ra3 26.h4 Rg6 27.Qe4 Rf6 28.Qg4 Bc8 29.Ne7+ Kh8
30.Qe4 Bb7 31.Nh5 Rfa6 32.Qf4 f6 33.Ng6+ Kg8 34.Nxf8 Kxf8 35.Qe4 f5 36.Qe5 Rg6
37.Nf4 Rd6 38.Ne6+ Kg8 39.Nc5 Qc8 40.Qe8+ Qxe8 41.Rxe8+ Kf7 42.Re5 Bc8 43.Rde1 Kf6
44.Re8 Rxd5 45.b4 Ra8 46.Rf8+ Kg6 47.Ne6 Rd7 48.Nf4+ Kh7 49.Ree8 g5 50.Rh8+ Kg7
51.Ne6+ Kf7 52.Rhf8+ Kg6 53.Rxc8  1-0

[Event "5th Mediterranean Open"]
[Site "Rijeka CRO"]
[Date "2011.11.16"]
[Round "6.11"]
[White "Kanmazalp,O"]
[Black "Muskardin,M"]
[Result "1/2-1/2"]
[WhiteElo "2401"]
[BlackElo "2186"]

1.e4 d6 2.d4 Nf6 3.Nc3 e5 4.Nf3 Nbd7 5.Bc4 Be7 6.O-O O-O 7.Re1 c6 8.a4 a5
9.h3 exd4 10.Nxd4 Nc5 11.Bf4 Be6 12.Nxe6 fxe6 13.e5 Nd5 14.exd6 Nxf4 15.dxe7 Qxe7
16.Qg4 Rf6 17.Ne4 Nxe4 18.Rxe4 Raf8 19.Rae1 Rg6 20.Bxe6+ Kh8 21.Bb3 Rxg4
22.Rxe7 Rxg2+ 23.Kf1 Rh2 24.Kg1 Rg2+ 25.Kf1 Rh2 26.Kg1 Rg2+  1/2-1/2

[Event "2nd Brno Open"]
[Site "Brno CZE"]
[Date "2011.11.17"]
[Round "7"]
[White "Vermirovsky,V"]
[Black "Benes,Pe2"]
[Result "1-0"]
[WhiteElo "1991"]
[BlackElo "2157"]

1.e4 d6 2.d4 Nf6 3.Nc3 c6 4.f4 Qa5 5.Bd3 e5 6.Nf3 Bg4 7.Be3 Nbd7 8.O-O Be7
9.Qe1 Bxf3 10.Rxf3 Ng4 11.Bd2 exd4 12.Nd5 Qd8 13.Nxe7 Qxe7 14.h3 Ngf6 15.Qf2 O-O
16.Qxd4 c5 17.Qe3 Rfe8 18.Re1 c4 19.Bxc4 Nxe4 20.Bc3 Kf8 21.Qd4 f5 22.Qd5 Ndf6
23.Qxf5 g6 24.Qb5 a6 25.Qb6 Rac8 26.Qd4 d5 27.Bxd5 Nxd5 28.Qh8+ Kf7 29.Qg7+  1-0

[Event "21st World Seniors"]
[Site "Rijeka CRO"]
[Date "2011.11.17"]
[Round "3.2"]
[White "Katalymov,B"]
[Black "Rashkovsky,N"]
[Result "0-1"]
[WhiteElo "2374"]
[BlackElo "2517"]

1.e4 d6 2.d4 Nf6 3.Nc3 e5 4.dxe5 dxe5 5.Qxd8+ Kxd8 6.Bc4 Be6 7.Bxe6 fxe6
8.Nf3 Bd6 9.Bg5 a6 10.O-O-O Ke7 11.Bh4 h6 12.g4 Nc6 13.g5 hxg5 14.Bxg5 Raf8
15.h4 Ke8 16.Rhg1 Nh5 17.Rd3 Nb4 18.Re3 Rf7 19.a3 Nc6 20.Nd1 Rhf8 21.Nh2 Bc5
22.Ree1 Rxf2 23.Nxf2 Bxf2 24.Ng4 Bxe1 25.Rxe1 Rf3 26.Ne3 Nf4 27.Ng4 Rg3 28.Nf2 Nd4
29.Nd1 Nf3 30.Bxf4 exf4 31.Rf1 e5 32.h5 Rh3 33.Nc3 Nd4 34.Rg1 Rxc3 35.Rf1  0-1